Statistics for English Premier League 100 Goals Club

Click here to take the quiz!

General Stats

  • This quiz has been taken 68,753 times
    (20,699 since last reset)
  • The average score is 16 of 28

Answer Stats

Goals Mainly For Player % Correct
208Manchester UnitedWayne Rooney
97%
260NewcastleAlan Shearer
92%
175ArsenalThierry Henry
89%
104ChelseaDidier Drogba
85%
177ChelseaFrank Lampard
85%
125TottenhamHarry Kane
83%
163Manchester CitySergio Ag├╝ero
82%
120LiverpoolSteven Gerrard
75%
150LiverpoolMichael Owen
67%
187Manchester UnitedAndy Cole
66%
109Manchester UnitedRyan Giggs
63%
163LiverpoolRobbie Fowler
62%
144ArsenalRobin van Persie
62%
108Stoke CityPeter Crouch
61%
162TottenhamJermain Defoe
55%
107Manchester UnitedPaul Scholes
55%
123Manchester UnitedDwight Yorke
49%
100SouthamptonMatt Le Tissier
48%
146TottenhamTeddy Sheringham
48%
113ArsenalIan Wright
46%
126TottenhamRobbie Keane
44%
149Queens Park RangersLes Ferdinand
43%
113EvertonRomelu Lukaku
43%
125ChelseaNicolas Anelka
35%
127ChelseaJimmy Floyd Hasselbaink
31%
110Leicester CityEmile Heskey
30%
111Coventry CityDion Dublin
29%
106SunderlandDarren Bent
24%

Score Distribution

Percentile by Number Answered

Percent of People with Each Score

Your Score History

You have not taken this quiz since the last reset